The mahabharatana eighteen characters in search of drama / (Record no. 140399)
[ view plain ]
| 000 -LEADER | |
|---|---|
| fixed length control field | 00644nam a22001937a 4500 |
| 005 - DATE AND TIME OF LATEST TRANSACTION | |
| control field | 20170524150549.0 |
| 010 ## - LCCN (DPL NO) | |
| LC control number | ENG- 118375 |
| 020 ## - INTERNATIONAL STANDARD BOOK NUMBER | |
| International Standard Book Number | 9788124119099 |
| Terms of availability | 695.00 |
| 035 ## - SYSTEM CONTROL NUMBER | |
| System control number | EN-101907 |
| 037 ## - SOURCE OF ACQUISITION | |
| Source of stock number/acquisition | DBAD/PUB |
| 082 ## - DEWEY DECIMAL CLASSIFICATION NUMBER | |
| Classification number | 230.2046 |
| 100 ## - MAIN ENTRY--PERSONAL NAME | |
| Personal name | Kumar, Girija |
| 245 ## - TITLE STATEMENT | |
| Title | The mahabharatana eighteen characters in search of drama / |
| Statement of responsibility, etc | by Girja Kumar |
| 260 ## - PUBLICATION, DISTRIBUTION, ETC. (IMPRINT) | |
| Place of publication, distribution, etc | New Delhi |
| Name of publisher, distributor, etc | Har-Anand Publication |
| Date of publication, distribution, etc | 2016 |
| 270 ## - ADDRESS | |
| Address | E-49/3, Okhla Industrial Area, Phase-ii, New Delhi-110020 |
| 300 ## - PHYSICAL DESCRIPTION | |
| Extent | xx,371p. |
| Dimensions | 22cm. (pbk) |
| 505 ## - FORMATTED CONTENTS NOTE | |
| Formatted contents note | V.I- The forefathers: vedavyasa to Yadava Kkrishna |
| 942 ## - ADDED ENTRY ELEMENTS (KOHA) | |
| Source of classification or shelving scheme | Dewey Decimal Classification |
| Item type | English Books |
| Classification part | 230.2046 |
| Call number suffix | KUM |
| Withdrawn status | Lost status | Not for loan | Collection code | Home library | Current library | Date acquired | Source of acquisition | Cost, normal purchase price | Full call number | Barcode | Copy number | Cost, replacement price | Koha item type |
|---|---|---|---|---|---|---|---|---|---|---|---|---|---|
| Non-fiction | Narela | Narela | 24/05/2017 | DBAD/PUB | 695.00 | 230.2046 KUM | EN-101907 | 1 | 695.00 | English Books |
